| 000 | 00808nam a2200241Ia 4500 | ||
|---|---|---|---|
| 003 | GCL | ||
| 008 | 140319s9999 xx 000 0 ara d | ||
| 040 |
_aGCL / _cGCL |
||
| 082 | 0 | 4 |
_a228.1 _bا ك |
| 100 | 1 | _aابن مجاهد : ابوبكر احمد بن موسى بن العباس التميمى | |
| 245 | 1 | 0 |
_aكتاب السبعة فى القراءات / _cابن مجاهد : ابوبكر احمد بن موسى بن العباس التميمى |
| 260 |
_a[S.N] : _bدار المعارف ، _c1988 |
||
| 300 | _a786 ص | ||
| 490 | _a | ||
| 650 | 0 | 4 | _aالاسلام |
| 650 | 0 | 4 | _aسور وايات |
| 650 | 0 | 4 | _aمصطلحات |
| 650 | 0 | 4 | _aالقراءات والتجويد |
| 650 | 0 | 4 | _aجمع وتدوين |
| 650 | 0 | 4 | _aرواة وحفاظ |
| 650 | 0 | 4 | _aالقران |
| 942 |
_2ddc _cBK |
||
| 999 |
_c29522 _d29522 |
||